000 00492nam a22001097a 4500
008 110607t xxu||||| |||| 00| 0 eng d
010 _aSCCAf8b
245 _aSupreme Court Civil Appeal No. 2 of 2002 Erukana Kuwe Vs Vasrambhai Damji Vader.
260 _c2002
500 _aCoram:Odoki-Cj, Oder, Tsekooko, Mulenga And Kanyimba- JJ.S.C
500 _3Appeal from the decision of the Court of Appeal at Kampala (mpagi-Bahigeine, Engwau and Kitumba,JJ.A. dated 21-09-2001,in Cival Appeal No. 42 of 2000.
999 _c2425
_d2425